000 00243nam a22000857a 4500
008 160708b xxu||||| |||| 00| 0 eng d
100 _92474
_aJain S
245 _aA handbook of Diabetes Causes & Cure
260 _aNew Delhi
_bFar sight Publication
_c2010
999 _c2141
_d2141